|
|
|
|
| LEADER |
01410nam a22003497i 4500 |
| 001 |
34437 |
| 003 |
BD-DhAAL |
| 005 |
20211111102531.0 |
| 008 |
190331t2018 flua b 001 0 eng |
| 999 |
|
|
|c 40573
|d 40573
|
| 010 |
|
|
|a 2017022733
|
| 020 |
|
|
|a 9781138081437 (hardback : acidfree paper)
|
| 020 |
|
|
|z 9781315112855 (ebook)
|
| 035 |
|
|
|a (CaONFJC)cou38120368
|
| 040 |
|
|
|a DLC
|b eng
|e rda
|c DLC
|d BD-DhAAL
|
| 042 |
|
|
|a pcc
|
| 050 |
0 |
0 |
|a TK5102.9
|b .P6837 2018
|
| 082 |
0 |
0 |
|a 621.3822028553
|2 23
|
| 100 |
1 |
|
|a Poularikas, Alexander D.,
|d 1933-
|e author.
|9 30822
|
| 245 |
1 |
0 |
|a Understanding digital signal processing with MATLAB and solutions /
|c Alexander D. Poularikas.
|
| 260 |
|
|
|a Boca Raton, FL :
|b CRC Press, Taylor & Francis Group,
|c c2018
|
| 300 |
|
|
|a xv, 455 pages :
|b illustrations ;
|c 26 cm.
|
| 490 |
|
|
|a Electrical engineering and applied signal processing series
|
| 504 |
|
|
|a Includes bibliographical references and index.
|
| 526 |
|
|
|a CSE
|
| 541 |
|
|
|a Parama Publishers
|e 34437
|
| 630 |
0 |
0 |
|a MATLAB.
|9 30823
|
| 650 |
|
0 |
|a Signal processing
|x Digital techniques.
|9 30824
|
| 650 |
|
0 |
|a Computer science
|9 42511
|
| 852 |
|
|
|a Ayesha Abed Library
|c General Stacks
|
| 942 |
|
|
|2 ddc
|c BK
|
| 952 |
|
|
|0 0
|1 0
|2 ddc
|4 0
|6 621_382202855300000_POU
|7 0
|9 65195
|a BRACUL
|b BRACUL
|c GEN
|d 2019-02-26
|e Parama Publishers
|g 7810.00
|l 3
|m 18
|o 621.3822028553 POU
|p 3010034437
|r 2025-07-03
|s 2025-06-28
|t 1
|v 7810.00
|w 2019-02-26
|y BK
|